=LDR 00000nam 2200000 4500 =001 000678 =005 20250711022648 =035 ##$$a 0010-0725000546 =007 ta =008 250711################a##########0#ind## =020 ##$$a 978-623-472-194-2 =082 ##$$a 398.209 598 =084 ##$$a 398.209 598 MUK s =100 #$$a Mukuka Chisanga =245 1#$$a Siapa Bayi Itu? /$c Chisanga Mukuka =250 ##$$a Cetakan Pertama 2024 =260 ##$$a Jakarta :$b Badan Pengembangan dan Pembinaan Bahasa,$c 2022 =300 ##$$a 24 hlm : $b Ilus. ; $c 22,9 cm =650 #4$$a Cerita Anak Indonesia - Terjemahan =650 #4$$a Literasi- Bahan Bacaan =990 ##$$a TBM04540454